00210nam a2200085Ia 4500008004100000100001600041245003500057260001600092650001600108190216s9999||||xx |||||||||||||| ||und|| aElhance D N 0aPractical Problem In Statitics bKitab Mahal aMathematics